DNA microarrays and gene expression
DNA microarrays are revolutionizing biology and medicine. They can provide a snapshot of the level of gene expression in a cell and are therefore a powerful tool with which to study biological phenomena at the molecular level. This inter-disciplinary introduction will be essential reading for resear...
সংরক্ষণ করুন:
| প্রধান লেখক: | |
|---|---|
| বিন্যাস: | গ্রন্থ |
| ভাষা: | Undetermined |
| প্রকাশিত: |
Cambridge, UK
Cambridge University Press
2002
|
| বিষয়গুলি: | |
| ট্যাগগুলো: |
ট্যাগ যুক্ত করুন
কোনো ট্যাগ নেই, প্রথমজন হিসাবে ট্যাগ করুন!
|
| Thư viện lưu trữ: | Trung tâm Học liệu Trường Đại học Cần Thơ |
|---|
| LEADER | 00908nam a2200193Ia 4500 | ||
|---|---|---|---|
| 001 | CTU_191929 | ||
| 008 | 210402s9999 xx 000 0 und d | ||
| 082 | |a 572.865 | ||
| 082 | |b B177 | ||
| 100 | |a Baldi, Pierre | ||
| 245 | 0 | |a DNA microarrays and gene expression | |
| 245 | 0 | |c Pierre Baldi and G. Wesley Hatfield | |
| 260 | |a Cambridge, UK | ||
| 260 | |b Cambridge University Press | ||
| 260 | |c 2002 | ||
| 520 | |a DNA microarrays are revolutionizing biology and medicine. They can provide a snapshot of the level of gene expression in a cell and are therefore a powerful tool with which to study biological phenomena at the molecular level. This inter-disciplinary introduction will be essential reading for researchers of all disciplines. | ||
| 650 | |a DNA microarrays,Gene expression,Biểu hiện gen,Vi mạng DNA | ||
| 904 | |i Trúc | ||
| 980 | |a Trung tâm Học liệu Trường Đại học Cần Thơ | ||